[Event "M.Chigorin Memorial 2017 "]
[Site "?????-?????????"]
[Date "2017.10.29"]
[Round "9"]
[Board "119"]
[White "Aga, Rihard"]
[Black "Pshmahov, Osman"]
[Result "1/2-1/2"]
[WhiteElo "1842"]
[BlackElo "2095"]
[PlyCount "136"]
[EventDate "2017.10.21"]
[EventRounds "9"]
[EventCountry "RUS"]

1. d4 Nf6 2. c4 g6 3. Nc3 Bg7 4. e4 d6 5. f3 O-O 6. Be3 Nbd7 7. Qd2 e5 8. Nge2
a6 9. d5 h5 10. h3 Nh7 11. g4 h4 12. Rg1 g5 13. Kf2 Re8 14. Nc1 Ndf8 15. Bd3
Ng6 16. Kg2 Nf4+ 17. Kh2 Qf6 18. Rf1 Bd7 19. N3e2 c5 20. b4 cxb4 21. Qxb4 b5
22. c5 dxc5 23. Bxc5 Bf8 24. Bxf8 Nxf8 25. Qd2 N8g6 26. Nxf4 Qxf4+ 27. Qxf4
Nxf4 28. Rd1 Rac8 29. Bf1 Rc2+ 30. Kg1 Rec8 31. Nd3 Nxd3 32. Bxd3 R2c3 33. Kf2
Ra3 34. Rd2 Rcc3 35. Be2 Kf8 36. Rb1 Ke7 37. Rbb2 Kd6 38. Rdc2 b4 39. Ke1 a5
40. Rxc3 Rxc3 41. Kd2 Ba4 42. Bd3 Kc5 43. Bc2 Bb5 44. Rb3 Kd4 45. Rxc3 bxc3+
46. Kc1 Kc5 47. Kd1 Kd4 48. Kc1 a4 49. a3 Bd7 50. Bd1 Bb5 51. Bc2 Ke3 52. Bd1
Kf4 53. Kc2 Kg3 54. Kxc3 Kxh3 55. Kb4 Bd7 56. Bxa4 Bc8 57. d6 Kg3 58. Bb5 h3
59. Ba6 Bd7 60. Bb5 h2 61. Bxd7 h1=Q 62. Bf5 Qb1+ 63. Kc5 Qc1+ 64. Kb6 Qxa3 65.
d7 Qd6+ 66. Kb7 Kxf3 67. Kc8 Qc6+ 68. Kd8 f6  1/2-1/2

[Event "M.Chigorin Memorial 2017 "]
[Site "?????-?????????"]
[Date "2017.10.29"]
[Round "9"]
[Board "120"]
[White "Ismagilov, Igor"]
[Black "Petrochenko, Maria"]
[Result "0-1"]
[WhiteElo "1720"]
[BlackElo "2093"]
[PlyCount "82"]
[EventDate "2017.10.21"]
[EventRounds "9"]
[EventCountry "RUS"]

1. d4 d5 2. Bf4 Nf6 3. e3 c5 4. c3 Qb6 5. Qc2 g6 6. Nd2 Bf5 7. Bd3 Bxd3 8. Qxd3
c4 9. Qc2 Nc6 10. h3 Bg7 11. Ngf3 O-O 12. O-O Qa6 13. e4 e6 14. Rfe1 b5 15. b4
dxe4 16. Nxe4 Nxe4 17. Rxe4 Ne7 18. a4 Nd5 19. Be5 f6 20. Bg3 bxa4 21. Rxa4 Qc6
22. Ra3 Rfe8 23. Re1 Bf8 24. Rea1 a6 25. Ra5 Qb7 26. Nd2 Rec8 27. Ne4 Qc6 28.
Nc5 Bxc5 29. Rxc5 Qb7 30. Ra3 Rxc5 31. dxc5 Kf7 32. Qa2 Qb5 33. Ra5 Qc6 34.
Qxc4 Ne7 35. b5 axb5 36. Qxb5 Rxa5 37. Qxa5 e5 38. f3 Qd5 39. Bf2 Qd1+ 40. Kh2
Qd2 41. Qa2+ Qxa2  0-1

[Event "M.Chigorin Memorial 2017 "]
[Site "?????-?????????"]
[Date "2017.10.29"]
[Round "9"]
[Board "121"]
[White "Ponomarev, Denis"]
[Black "Mitra, Roman C"]
[Result "0-1"]
[WhiteElo "1811"]
[BlackElo "2087"]
[PlyCount "68"]
[EventDate "2017.10.21"]
[EventRounds "9"]
[EventCountry "RUS"]

1. e4 a6 2. d4 e6 3. Ne2 d5 4. e5 c5 5. c3 Nc6 6. a3 Qb6 7. b4 cxd4 8. cxd4 a5
9. bxa5 Rxa5 10. Nbc3 Bb4 11. Bb2 Be7 12. Rb1 Qa7 13. g3 f6 14. a4 Bb4 15. Bh3
fxe5 16. O-O Bxc3 17. Bxc3 Rxa4 18. dxe5 Nge7 19. Nf4 Rxf4 20. gxf4 O-O 21. Qd2
Ng6 22. f5 Nh4 23. Kh1 Nxf5 24. Rg1 g6 25. Rg5 Nh4 26. Rg3 Rxf2 27. Qh6 Qa2 28.
Rf1 Rxf1+ 29. Bxf1 Nf5 30. Qf4 Nxg3+ 31. Qxg3 Qb1 32. Qf2 Qf5 33. Qe1 Bd7 34.
Bb5 d4  0-1

[Event "M.Chigorin Memorial 2017 "]
[Site "?????-?????????"]
[Date "2017.10.29"]
[Round "9"]
[Board "122"]
[White "Chekmareva, Liya"]
[Black "Ashid, Tsetsegulzii"]
[Result "1-0"]
[WhiteElo "2077"]
[BlackElo "1892"]
[PlyCount "97"]
[EventDate "2017.10.21"]
[EventRounds "9"]
[EventCountry "RUS"]

1. d4 d5 2. c4 e6 3. Nf3 c6 4. Qc2 Nf6 5. Bf4 Bd6 6. e3 Bxf4 7. exf4 Qd6 8. g3
dxc4 9. Bxc4 b5 10. Be2 Nbd7 11. O-O O-O 12. Nbd2 c5 13. dxc5 Nxc5 14. Rac1
Ncd7 15. Bxb5 Rb8 16. Be2 Bb7 17. Nc4 Qe7 18. Rfd1 Rfe8 19. Qd2 Bd5 20. b3 Ne4
21. Qe3 Ndf6 22. Nfe5 Qb4 23. Bf3 a5 24. Rd4 a4 25. Bxe4 Nxe4 26. Rxe4 Bxe4 27.
Qxe4 Qb7 28. Qxb7 Rxb7 29. Rb1 axb3 30. axb3 Reb8 31. Nd2 f6 32. Nec4 Kf8 33.
Kf1 Ke7 34. Ke2 Ra8 35. Rb2 Ra1 36. b4 Rb5 37. Ne4 Rc1 38. Ne3 f5 39. Ng5 h6
40. Nf3 Kd6 41. Ne5 Kc7 42. Nd3 Rc6 43. Nc2 Rd6 44. Nc5 Rb8 45. Ra2 Rbd8 46.
Ne3 Kc6 47. Ra6+ Kb5 48. Ra2 Rh8 49. Ra7  1-0

[Event "M.Chigorin Memorial 2017 "]
[Site "?????-?????????"]
[Date "2017.10.29"]
[Round "9"]
[Board "124"]
[White "Terzyan, Nazar"]
[Black "Malinovsky, Ilya"]
[Result "1/2-1/2"]
[WhiteElo "1717"]
[BlackElo "2044"]
[PlyCount "71"]
[EventDate "2017.10.21"]
[EventRounds "9"]
[EventCountry "RUS"]

1. e4 e6 2. d4 d5 3. Nc3 Bb4 4. e5 Ne7 5. a3 Bxc3+ 6. bxc3 c5 7. h4 Qa5 8. Bd2
Nbc6 9. h5 h6 10. Qg4 Nf5 11. Bd3 Nce7 12. dxc5 Qxc5 13. Qb4 Qc7 14. Nf3 Bd7
15. g4 Nc6 16. Qf4 Nfe7 17. O-O O-O-O 18. Rab1 f6 19. Rfe1 fxe5 20. Nxe5 Nxe5
21. Qxe5 Qxe5 22. Rxe5 Nc6 23. Ree1 e5 24. Bb5 Rde8 25. Bxc6 Bxc6 26. Re3 Rhf8
27. Rbe1 e4 28. Rb1 Rf6 29. Rg3 Ref8 30. Be3 Rf3 31. Kh2 a6 32. Rbg1 Be8 33.
Rd1 Bc6 34. Rdg1 Be8 35. Rd1 Bc6 36. Rdg1  1/2-1/2

[Event "M.Chigorin Memorial 2017 "]
[Site "?????-?????????"]
[Date "2017.10.29"]
[Round "9"]
[Board "125"]
[White "Golovkina, Anastasia"]
[Black "Vasilyev, Alexey"]
[Result "1-0"]
[WhiteElo "2035"]
[BlackElo "1794"]
[PlyCount "57"]
[EventDate "2017.10.21"]
[EventRounds "9"]
[EventCountry "RUS"]

1. e4 c5 2. Nf3 e6 3. d4 cxd4 4. Nxd4 Nc6 5. Nc3 Qc7 6. Be3 a6 7. Qd2 Nf6 8.
O-O-O Bb4 9. f3 Ne5 10. Qe1 O-O 11. Nb3 Be7 12. f4 Nc4 13. Bxc4 Qxc4 14. e5 Ne8
15. Qf2 d6 16. Na5 Qb4 17. a3 Qxa5 18. Bb6 Qxc3 19. bxc3 dxe5 20. fxe5 Bxa3+
21. Kb1 f6 22. Qe3 fxe5 23. Rhf1 Nf6 24. Qxe5 Nd5 25. Bd4 Rf6 26. c4 Ne7 27.
Rxf6 gxf6 28. Qg3+ Kf7 29. Qe3  1-0

[Event "M.Chigorin Memorial 2017 "]
[Site "?????-?????????"]
[Date "2017.10.29"]
[Round "9"]
[Board "126"]
[White "Popovich, Alexey"]
[Black "Khlopushin, Dmitriy"]
[Result "1-0"]
[WhiteElo "2023"]
[BlackElo "1668"]
[PlyCount "75"]
[EventDate "2017.10.21"]
[EventRounds "9"]
[EventCountry "RUS"]

1. e4 e5 2. Nf3 Nc6 3. Bb5 a6 4. Ba4 Nf6 5. O-O Nxe4 6. d4 b5 7. Bb3 d5 8. dxe5
Be6 9. Nbd2 Nc5 10. c3 Nxb3 11. Nxb3 Be7 12. Nfd4 Nxd4 13. cxd4 Qd7 14. f4 c6
15. Qf3 Bf5 16. Bd2 h5 17. Rac1 h4 18. Qc3 Rc8 19. Nc5 Bxc5 20. Qxc5 Rh6 21.
Bb4 Qe6 22. Rc3 Rg6 23. Rf2 a5 24. Bxa5 Be4 25. Bb4 f5 26. Ra3 Bxg2 27. Rxg2
Rxg2+ 28. Kxg2 Kf7 29. Ra7+ Kg8 30. Qd6 Qe8 31. Qe7 Qg6+ 32. Qg5 Qh7 33. Be7
h3+ 34. Kg3 g6 35. Rd7 c5 36. dxc5 Rxc5 37. Rd8+ Kg7 38. Qf6+  1-0

[Event "M.Chigorin Memorial 2017 "]
[Site "?????-?????????"]
[Date "2017.10.29"]
[Round "9"]
[Board "127"]
[White "Sokolov, Ilia"]
[Black "Travkina, Anastasia"]
[Result "0-1"]
[WhiteElo "1909"]
[BlackElo "2221"]
[PlyCount "52"]
[EventDate "2017.10.21"]
[EventRounds "9"]
[EventCountry "RUS"]

1. Nf3 d5 2. g3 c6 3. Bg2 Bg4 4. O-O e6 5. d3 Bd6 6. e4 Ne7 7. exd5 cxd5 8. b3
Be5 9. d4 Bc7 10. Ba3 Nbc6 11. c4 dxc4 12. bxc4 Bxf3 13. Bxf3 Qxd4 14. Qxd4
Nxd4 15. Bxb7 Rb8 16. Be4 f5 17. Bd3 Nf3+ 18. Kg2 Be5 19. Bd6 Bxd6 20. Kxf3 Be5
21. Na3 Bxa1 22. Rxa1 Kd7 23. c5 Rhd8 24. Be2 Nc6 25. Nc4 Nd4+ 26. Ke3 Nc2+  0-1

[Event "M.Chigorin Memorial 2017 "]
[Site "?????-?????????"]
[Date "2017.10.29"]
[Round "9"]
[Board "128"]
[White "Protopopova, Anastasiya"]
[Black "Shojhet, Sofiy"]
[Result "1-0"]
[WhiteElo "2219"]
[BlackElo "1905"]
[PlyCount "101"]
[EventDate "2017.10.21"]
[EventRounds "9"]
[EventCountry "RUS"]

1. Nf3 f5 2. c4 Nf6 3. Nc3 d6 4. d4 g6 5. g3 Bg7 6. Bg2 O-O 7. O-O c6 8. Qb3
Kh8 9. Rd1 Qe8 10. d5 Na6 11. Nd4 Nc5 12. Qc2 e5 13. dxe6 Bxe6 14. Nxe6 Qxe6
15. b3 Rad8 16. Bb2 Rfe8 17. e3 Nce4 18. Nxe4 Nxe4 19. Bxg7+ Kxg7 20. Rd4 Nf6
21. Rad1 Rd7 22. Qb2 a6 23. e4 fxe4 24. Rxe4 Qf7 25. Red4 Qe6 26. Rf4 Qe5 27.
Qd2 Qe2 28. Rd4 Qxd2 29. R4xd2 d5 30. cxd5 Nxd5 31. Bxd5 Red8 32. Re2 cxd5 33.
Rd4 Kf7 34. Re5 Kf6 35. f4 h6 36. h4 b5 37. a4 bxa4 38. bxa4 Rd6 39. Kg2 R8d7
40. g4 Rd8 41. Kg3 R8d7 42. h5 g5 43. Rf5+ Ke6 44. fxg5 hxg5 45. Rxg5 Rb7 46.
h6 Rh7 47. Rg6+ Ke5 48. Rxd6 Kxd6 49. g5 Ke5 50. Rd1 d4 51. Kg4  1-0

[Event "M.Chigorin Memorial 2017 "]
[Site "?????-?????????"]
[Date "2017.10.29"]
[Round "9"]
[Board "129"]
[White "Alekseev, Mikhail"]
[Black "Lazhevskaya, Zhanni"]
[Result "0-1"]
[WhiteElo "1903"]
[BlackElo "2086"]
[PlyCount "80"]
[EventDate "2017.10.21"]
[EventRounds "9"]
[EventCountry "RUS"]

1. e4 e5 2. Nf3 Nc6 3. Bb5 Bc5 4. c3 f5 5. d4 fxe4 6. Bg5 Be7 7. Bxc6 exf3 8.
Bxe7 Qxe7 9. Bxf3 exd4+ 10. Kf1 Nf6 11. cxd4 O-O 12. Nc3 Qf7 13. Qd2 d5 14. Qf4
c6 15. Re1 Bd7 16. g3 Bh3+ 17. Bg2 Qd7 18. Qh4 Bxg2+ 19. Kxg2 Rae8 20. Rxe8
Qxe8 21. Rf1 Qe6 22. Qg5 Re8 23. Qf4 h6 24. Rd1 Rf8 25. Rf1 Nh7 26. Qe5 Qf7 27.
Qe3 Ng5 28. f4 Re8 29. Qd2 Ne4 30. Qe3 Nd6 31. Qf2 Nc4 32. Kg1 Qe6 33. b3 Nd6
34. Rd1 Nf5 35. Rc1 Qf6 36. Rd1 Re3 37. Ne2 Qe6 38. Rd2 Qe4 39. Qg2 Rf3 40. h3
Qe3+  0-1

[Event "M.Chigorin Memorial 2017 "]
[Site "?????-?????????"]
[Date "2017.10.29"]
[Round "9"]
[Board "130"]
[White "Anant, Prabhudesai"]
[Black "Tskhadadze, Anna"]
[Result "1-0"]
[WhiteElo "1869"]
[BlackElo "2073"]
[PlyCount "85"]
[EventDate "2017.10.21"]
[EventRounds "9"]
[EventCountry "RUS"]

1. Nf3 d5 2. g3 e6 3. Bg2 Nf6 4. O-O c5 5. d4 b6 6. c4 Nc6 7. cxd5 exd5 8. Nc3
Be7 9. Ne5 Nb4 10. a3 cxd4 11. Qxd4 Bc5 12. Qd1 Bd6 13. Nc4 dxc4 14. Bxa8 Bh3
15. Bg2 Bxg2 16. Kxg2 Nc6 17. Nb5 Bb8 18. Qxd8+ Kxd8 19. Bg5 Ke7 20. Rfd1 Be5
21. Nc3 Ke6 22. Bxf6 Bxf6 23. Rd2 Rd8 24. Rad1 Rxd2 25. Rxd2 Bg5 26. e3 Be7 27.
Nb5 Ne5 28. Nc7+ Kf6 29. Nd5+ Ke6 30. Nxe7 Kxe7 31. Rd4 Ke6 32. f4 Nd3 33. Rxc4
Nxb2 34. Rc7 a5 35. Rc6+ Kd5 36. Rxb6 Nc4 37. Rb5+ Ke6 38. a4 Nxe3+ 39. Kg1 Nc4
40. Rc5 Nb2 41. Rxa5 h6 42. Ra8 g6 43. a5  1-0

[Event "M.Chigorin Memorial 2017 "]
[Site "?????-?????????"]
[Date "2017.10.29"]
[Round "9"]
[Board "131"]
[White "Nikonov, Alexej"]
[Black "Kovalenko, Kleopatra"]
[Result "1-0"]
[WhiteElo "2052"]
[BlackElo "1879"]
[PlyCount "89"]
[EventDate "2017.10.21"]
[EventRounds "9"]
[EventCountry "RUS"]

1. d4 Nf6 2. Nf3 g6 3. Bf4 Bg7 4. h3 O-O 5. e3 d6 6. Be2 Nfd7 7. O-O e5 8. Bh2
Nc6 9. c4 f5 10. Nc3 g5 11. d5 Ncb8 12. Rc1 a5 13. a3 Na6 14. Qc2 h5 15. Nd2 g4
16. hxg4 hxg4 17. f3 Qg5 18. f4 Qh4 19. g3 Qh6 20. Rf2 Ndc5 21. Rb1 exf4 22.
gxf4 Qh3 23. Nf1 Bxc3 24. Bg3 Qh8 25. Rh2 Qg7 26. bxc3 Ne4 27. Bd3 Nac5 28.
Bxe4 Nxe4 29. Be1 b6 30. Ng3 Nxg3 31. Bxg3 Qg6 32. Kf2 Kf7 33. Rbh1 Bd7 34.
Rh7+ Ke8 35. R1h6 Qg8 36. Bh4 Qxh7 37. Rxh7 Rf7 38. Rh8+ Rf8 39. Rxf8+ Kxf8 40.
e4 Kf7 41. exf5 Rh8 42. Kg3 Rg8 43. f6 Rg6 44. Qe4 Rxf6 45. Qh7+  1-0

[Event "M.Chigorin Memorial 2017 "]
[Site "?????-?????????"]
[Date "2017.10.29"]
[Round "9"]
[Board "132"]
[White "Yurasova, Daria"]
[Black "Zabolotnov, Evgeny"]
[Result "1-0"]
[WhiteElo "1849"]
[BlackElo "2049"]
[PlyCount "139"]
[EventDate "2017.10.21"]
[EventRounds "9"]
[EventCountry "RUS"]

1. c4 c6 2. Nf3 d5 3. e3 Nf6 4. b3 Bg4 5. Bb2 e6 6. Be2 Nbd7 7. O-O Bd6 8. d3
O-O 9. Nbd2 Qe7 10. a3 a5 11. Re1 e5 12. Qc2 e4 13. Nd4 Bxe2 14. Nxe2 Nc5 15.
dxe4 dxe4 16. Bxf6 Qxf6 17. Ng3 Bxg3 18. hxg3 Qe5 19. Red1 Rfd8 20. Rab1 Rd3
21. Rbc1 Rad8 22. b4 axb4 23. axb4 Na6 24. b5 Nb4 25. Qb1 c5 26. Nf1 R8d6 27.
Rxd3 exd3 28. Qa1 Qxa1 29. Rxa1 f5 30. Nd2 Kf7 31. Ra8 h6 32. Kf1 g5 33. Ke1
Ke7 34. Kd1 Kd7 35. Nb3 b6 36. Kd2 Rf6 37. Nc1 f4 38. gxf4 gxf4 39. Nxd3 fxe3+
40. fxe3 Nxd3 41. Kxd3 Rg6 42. Ra7+ Kd6 43. Rf7 Ke5 44. Rc7 Rd6+ 45. Ke2 Rg6
46. Kf3 Rf6+ 47. Kg3 Rg6+ 48. Kh3 Re6 49. g4 Kf6 50. Kh4 Re4 51. Rc6+ Kg7 52.
Rxb6 Rxc4 53. Kh5 Rb4 54. Rg6+ Kf7 55. b6 Rb5 56. Kxh6 c4 57. g5 c3 58. Rc6 c2
59. g6+ Ke7 60. g7 Rxb6 61. Rxb6 c1=Q 62. g8=Q Qh1+ 63. Kg7 Qa1+ 64. Kh7 Qh1+
65. Rh6 Qe4+ 66. Qg6 Qc4 67. Qd6+ Ke8 68. Re6+ Qxe6 69. Qxe6+ Kf8 70. Qg6  1-0

[Event "M.Chigorin Memorial 2017 "]
[Site "?????-?????????"]
[Date "2017.10.29"]
[Round "9"]
[Board "133"]
[White "Efimenko, Aleksandr"]
[Black "Kiseleva, Arina"]
[Result "0-1"]
[WhiteElo "1865"]
[BlackElo "2038"]
[PlyCount "85"]
[EventDate "2017.10.21"]
[EventRounds "9"]
[EventCountry "RUS"]

1. e4 c5 2. Nf3 d6 3. d4 cxd4 4. Nxd4 Nf6 5. Nc3 Nc6 6. Be2 e5 7. Nf3 Be7 8.
O-O O-O 9. Re1 Be6 10. Bf1 Ne8 11. Nd5 Nc7 12. c4 Bg4 13. h3 Bh5 14. g4 Bg6 15.
Bg2 Ne6 16. Nh2 Ncd4 17. Be3 Bf6 18. Nf1 Rc8 19. Rc1 b5 20. cxb5 Rxc1 21. Qxc1
Nc5 22. Qc4 h5 23. b4 Nce6 24. a4 hxg4 25. hxg4 Bh4 26. Rc1 Qd7 27. Nd2 Kh7 28.
f4 Nxf4 29. Nxf4 Qxg4 30. Bxd4 Qxf4 31. Bxa7 Qxd2 32. Qc3 Qg5 33. Be3 Qg4 34.
Qc4 Qg3 35. Qe2 Bxe4 36. Bd2 Bxg2 37. Qxg2 Qd3 38. Rc3 Qd4+ 39. Kh2 g5 40. Rh3
Kg6 41. Be3 Qxb4 42. a5 Rc8 43. a6  0-1

[Event "M.Chigorin Memorial 2017 "]
[Site "?????-?????????"]
[Date "2017.10.29"]
[Round "9"]
[Board "134"]
[White "Thrish, Karthik"]
[Black "Nikitinyh, Boris"]
[Result "0-1"]
[WhiteElo "1843"]
[BlackElo "2027"]
[PlyCount "84"]
[EventDate "2017.10.21"]
[EventRounds "9"]
[EventCountry "RUS"]

1. e4 c6 2. d4 d5 3. exd5 cxd5 4. Nf3 Nc6 5. Be2 Nf6 6. O-O Bg4 7. c3 e6 8. Bf4
Be7 9. Nbd2 O-O 10. h3 Bh5 11. Re1 a6 12. a4 Rc8 13. Ne5 Nxe5 14. Bxe5 Bxe2 15.
Qxe2 Qd7 16. Qd3 Ra8 17. Nb3 Rfc8 18. Qg3 Ne8 19. Qe3 b5 20. a5 b4 21. Nc5 Qb5
22. cxb4 Qxb4 23. Rec1 Qb5 24. Qd3 Rxc5 25. Qxb5 Rxb5 26. Rc6 Bf6 27. Rb6 Bxe5
28. dxe5 Rc5 29. b4 Rc7 30. Kf1 Kf8 31. Ke2 Ke7 32. Kd3 Kd7 33. Rb1 Rc6 34.
Rxc6 Kxc6 35. Kc3 Nc7 36. Rc1 Nb5+ 37. Kd3+ Kd7 38. f4 Rc8 39. Rxc8 Kxc8 40. g3
Kd7 41. g4 Kc6 42. h4 Kc7  0-1

[Event "M.Chigorin Memorial 2017 "]
[Site "?????-?????????"]
[Date "2017.10.29"]
[Round "9"]
[Board "135"]
[White "Titievskaya, Elizaveta"]
[Black "Kutyanina, Mariya"]
[Result "1-0"]
[WhiteElo "1798"]
[BlackElo "2020"]
[PlyCount "145"]
[EventDate "2017.10.21"]
[EventRounds "9"]
[EventCountry "RUS"]

1. e4 c5 2. Nf3 d6 3. d4 cxd4 4. Nxd4 Nf6 5. Nc3 a6 6. Bg5 e6 7. f4 Be7 8. Qf3
h6 9. Bh4 Qc7 10. O-O-O Nbd7 11. Be2 g5 12. fxg5 Ne5 13. Qg3 Rg8 14. Rhf1 Nh7
15. g6 Rxg6 16. Qf2 Ng5 17. Bh5 Rf6 18. Qe2 Rxf1 19. Rxf1 b5 20. Bg3 b4 21. Nd1
Qc5 22. Bf2 Qc4 23. Qxc4 Nxc4 24. b3 Na3 25. Be1 e5 26. Nc6 Be6 27. Nxe7 Kxe7
28. Bxb4 Nb5 29. Nf2 a5 30. Bd2 a4 31. Kb2 a3+ 32. Ka1 Rc8 33. c4 Nd4 34. Bc3
Nc2+ 35. Kb1 Ne3 36. Rg1 Rb8 37. Kc1 f5 38. Bd2 f4 39. h4 Nh7 40. Bxe3 fxe3 41.
Nd1 Nf6 42. Bf3 e2 43. Nc3 Rg8 44. Nxe2 Bg4 45. Kd2 Nd7 46. Ke3 Nc5 47. Rb1 h5
48. b4 Na4 49. Rc1 Be6 50. Nc3 Nb2 51. Nd5+ Bxd5 52. exd5 Rb8 53. c5 Rxb4 54.
c6 Nc4+ 55. Kd3 Nb2+ 56. Ke2 Rc4 57. Rxc4 Nxc4 58. Bxh5 Nb6 59. Bf3 Na4 60. Kd3
Nc5+ 61. Kc4 e4 62. Bg4 Kd8 63. Be2 Kc7 64. h5 e3 65. Bf3 Ne4 66. Kd3 e2 67.
Bxe2 Nf6 68. Bf3 Nh7 69. Ke4 Ng5+ 70. Kf5 Nf7 71. Kf6 Ne5 72. h6 Nd3 73. h7  1-0

[Event "M.Chigorin Memorial 2017 "]
[Site "?????-?????????"]
[Date "2017.10.29"]
[Round "9"]
[Board "136"]
[White "Zolotyh, Lev"]
[Black "Sapegin, Yaroslav"]
[Result "0-1"]
[WhiteElo "1831"]
[BlackElo "2007"]
[PlyCount "96"]
[EventDate "2017.10.21"]
[EventRounds "9"]
[EventCountry "RUS"]

1. d4 d5 2. c4 Nc6 3. Nc3 dxc4 4. Nf3 Nf6 5. e3 e5 6. d5 e4 7. dxc6 Qxd1+ 8.
Kxd1 exf3 9. gxf3 Bc5 10. Bxc4 bxc6 11. Ke2 O-O 12. b3 Bf5 13. Bb2 Rfe8 14.
Rhg1 Bg6 15. Rad1 Bd6 16. h4 Nh5 17. Rd4 Be5 18. Rd2 Bf6 19. Rd7 Rad8 20. Rxc7
Nf4+ 21. Ke1 Nd3+ 22. Bxd3 Rxd3 23. Na4 Bxh4 24. Ke2 Rdd8 25. Rxa7 Bd3+ 26. Kd2
g6 27. Bd4 Bxf2 28. Rg2 Bxe3+ 29. Kxd3 Rxd4+ 30. Kc3 Rf4 31. Rc7 Re6 32. Rc8+
Kg7 33. Re2 Rxf3 34. Kc4 h5 35. Nc3 Rf4+ 36. Kd3 Rd4+ 37. Kc2 Rdd6 38. a4 h4
39. a5 Bg1 40. a6 h3 41. Ne4 h2 42. Rxh2 Rxe4 43. Rh1 Bd4 44. Ra1 Bxa1 45. a7
Re2+ 46. Kc1 Bb2+ 47. Kb1 Rd1+ 48. Ka2 Ra1#  0-1

[Event "M.Chigorin Memorial 2017 "]
[Site "?????-?????????"]
[Date "2017.10.29"]
[Round "9"]
[Board "137"]
[White "Yudkevich, Mikhail"]
[Black "Yakovlev, Yuri S."]
[Result "1-0"]
[WhiteElo "2005"]
[BlackElo "1876"]
[PlyCount "65"]
[EventDate "2017.10.21"]
[EventRounds "9"]
[EventCountry "RUS"]

1. d4 d5 2. c4 e6 3. Nf3 Nf6 4. Nc3 c6 5. e3 Nbd7 6. Bd3 Be7 7. O-O O-O 8. e4
dxc4 9. Bxc4 Nb6 10. Bb3 Qc7 11. Qe2 Bd7 12. Bg5 Qd8 13. Rad1 Nh5 14. Bxe7 Qxe7
15. Ne5 g6 16. f4 Ng7 17. Nd3 Nc8 18. g4 h5 19. h3 Kh7 20. e5 f5 21. exf6 Rxf6
22. Ne4 Rf8 23. Ne5 Be8 24. Bc2 Nd6 25. Ng5+ Kh6 26. Qe3 Rd8 27. Rd2 Ndf5 28.
gxf5 gxf5 29. Bb3 Rf6 30. Rfd1 Qc7 31. Rg2 c5 32. Qg3 Qe7 33. Ngf7+  1-0

[Event "M.Chigorin Memorial 2017 "]
[Site "?????-?????????"]
[Date "2017.10.29"]
[Round "9"]
[Board "138"]
[White "Anisimov, Artem"]
[Black "Shakirova, Renata"]
[Result "1/2-1/2"]
[WhiteElo "1716"]
[BlackElo "2004"]
[PlyCount "83"]
[EventDate "2017.10.21"]
[EventRounds "9"]
[EventCountry "RUS"]

1. d4 Nf6 2. c4 e6 3. g3 d5 4. Nf3 Be7 5. Bg2 O-O 6. O-O dxc4 7. Qc2 a6 8. Qxc4
b5 9. Qc2 Bb7 10. Bd2 Be4 11. Qc1 Nc6 12. e3 b4 13. a3 a5 14. Ne1 Na7 15. axb4
axb4 16. Bxe4 Nxe4 17. Nd3 Nb5 18. Rxa8 Qxa8 19. f3 Nxd2 20. Nxd2 Rd8 21. Qc2
Qd5 22. Nb3 Rb8 23. Kf2 h5 24. Rc1 Bd6 25. Nbc5 Qg5 26. Ne4 Qf5 27. Qc4 g5 28.
Nxd6 cxd6 29. e4 Qf6 30. e5 Qf5 31. d5 exd5 32. Qxd5 dxe5 33. Rc5 Na7 34. Nxe5
Rc8 35. Ke3 Rxc5 36. Qxc5 Nc6 37. f4 gxf4+ 38. gxf4 Nd8 39. Qxb4 Ne6 40. Qe4
Qh3+ 41. Nf3 Qf1 42. Qd3  1/2-1/2

[Event "M.Chigorin Memorial 2017 "]
[Site "?????-?????????"]
[Date "2017.10.29"]
[Round "9"]
[Board "139"]
[White "Shavykin, Oleg"]
[Black "Zyrjanow, Leonid"]
[Result "1-0"]
[WhiteElo "2002"]
[BlackElo "1873"]
[PlyCount "36"]
[EventDate "2017.10.21"]
[EventRounds "9"]
[EventCountry "RUS"]

1. e4 e5 2. Nc3 Nc6 3. Bc4 d6 4. d3 Nd4 5. Be3 c6 6. Nge2 b5 7. Bb3 a5 8. Bxd4
exd4 9. Nxd4 Qb6 10. Qf3 Nf6 11. e5 dxe5 12. Ne4 Nd5 13. Nxc6 Be6 14. Nxe5 Qd4
15. Nc6 Qb6 16. c4 bxc4 17. dxc4 Nb4 18. Ne5 Rd8  1-0

[Event "M.Chigorin Memorial 2017 "]
[Site "?????-?????????"]
[Date "2017.10.29"]
[Round "9"]
[Board "140"]
[White "Arbuzov, Timofey"]
[Black "Ansat, Aldiyar"]
[Result "0-1"]
[WhiteElo "1658"]
[BlackElo "1996"]
[PlyCount "42"]
[EventDate "2017.10.21"]
[EventRounds "9"]
[EventCountry "RUS"]

1. e4 c5 2. Nf3 d6 3. d4 Nf6 4. Nc3 cxd4 5. Qxd4 a6 6. Bg5 Nc6 7. Qd2 e6 8.
O-O-O Be7 9. Nd4 Bd7 10. Be2 Rc8 11. f4 b5 12. Bxb5 axb5 13. Ndxb5 O-O 14. Nxd6
Rb8 15. Bxf6 Bxf6 16. e5 Be7 17. g4 Bxd6 18. Qxd6 Qb6 19. b3 Rfd8 20. Qd2 Nb4
21. Kb2 Bc6  0-1

[Event "M.Chigorin Memorial 2017 "]
[Site "?????-?????????"]
[Date "2017.10.29"]
[Round "9"]
[Board "141"]
[White "Sergeeva, Natalia"]
[Black "Don, Aleksandr"]
[Result "0-1"]
[WhiteElo "1994"]
[BlackElo "1793"]
[PlyCount "118"]
[EventDate "2017.10.21"]
[EventRounds "9"]
[EventCountry "RUS"]

1. e4 c5 2. Nf3 a6 3. c4 Nc6 4. d4 cxd4 5. Nxd4 g6 6. Nc3 Bg7 7. Be3 d6 8. Qd2
Nf6 9. Be2 O-O 10. O-O Qc7 11. f3 Bd7 12. Rfc1 Nxd4 13. Bxd4 Rac8 14. Rab1 Qb8
15. b4 b5 16. c5 Rfd8 17. cxd6 Be6 18. e5 Ne8 19. Ne4 Rxc1+ 20. Rxc1 exd6 21.
exd6 Nxd6 22. Nf6+ Kh8 23. Qb2 Ne8 24. Be5 Qb6+ 25. Rc5 Nxf6 26. Bxf6 Bxf6 27.
Qxf6+ Kg8 28. Qb2 Qd6 29. a3 Qd2 30. Qxd2 Rxd2 31. Kf1 Ra2 32. Rc3 Kg7 33. f4
h5 34. Re3 Kf6 35. h3 h4 36. Bg4 Bc4+ 37. Kg1 Bd5 38. Bf3 Bxf3 39. Rxf3 Kf5 40.
Kf1 Ke4 41. Kg1 Rd2 42. Rc3 Rd3 43. Rc7 Kxf4 44. Kf2 Rd2+ 45. Kf1 Kg3 46. Rxf7
Rxg2 47. Rf6 Kxh3 48. Rxa6 g5 49. Rb6 g4 50. Rxb5 Ra2 51. Rc5 Rxa3 52. Rc2 g3
53. Rc1 Rb3 54. Kg1 Rxb4 55. Ra1 Rb3 56. Rc1 Rf3 57. Rb1 g2 58. Ra1 Kg3 59. Rb1
h3  0-1

[Event "M.Chigorin Memorial 2017 "]
[Site "?????-?????????"]
[Date "2017.10.29"]
[Round "9"]
[Board "142"]
[White "Kuznetsov, Mikhail"]
[Black "Mustafayev, Nihad"]
[Result "1-0"]
[WhiteElo "1947"]
[BlackElo "1788"]
[PlyCount "79"]
[EventDate "2017.10.21"]
[EventRounds "9"]
[EventCountry "RUS"]

1. Nf3 Nf6 2. c4 g6 3. g3 Bg7 4. Bg2 O-O 5. O-O d6 6. Nc3 c5 7. d4 cxd4 8. Nxd4
Nbd7 9. b3 Nc5 10. Bb2 Bd7 11. Qd2 Rb8 12. Rad1 a6 13. Rfe1 b5 14. b4 Ne6 15.
cxb5 axb5 16. Nc6 Bxc6 17. Bxc6 Ng4 18. Bg2 Ne5 19. Ba1 Qd7 20. Rc1 Rfc8 21.
Nd5 Nc4 22. Qd3 Bxa1 23. Rxa1 Ra8 24. Rec1 Ra3 25. Qxa3 Nxa3 26. Rxc8+ Kg7 27.
Rc3 Nc4 28. a4 Nd4 29. Ra2 Qg4 30. Nf4 e5 31. h3 Qf5 32. e4 Qg5 33. Nd5 Nd2 34.
Kh2 Nb1 35. f4 Nxc3 36. fxg5 Nxa2 37. a5 Nc1 38. a6 Nc6 39. Bf1 Na7 40. Nc7  1-0

[Event "M.Chigorin Memorial 2017 "]
[Site "?????-?????????"]
[Date "2017.10.29"]
[Round "9"]
[Board "143"]
[White "Runets, Ivan"]
[Black "Novitckii, Andrei"]
[Result "1-0"]
[WhiteElo "1945"]
[BlackElo "1688"]
[PlyCount "55"]
[EventDate "2017.10.21"]
[EventRounds "9"]
[EventCountry "RUS"]

1. d4 d5 2. Nf3 Nf6 3. Bf4 e6 4. e3 Bd6 5. Ne5 c6 6. Bd3 Qc7 7. Bg3 Nbd7 8. f4
c5 9. c3 c4 10. Bc2 b5 11. a3 Bb7 12. Nd2 a5 13. O-O O-O 14. Qf3 b4 15. Bh4
Rfb8 16. g4 bxc3 17. bxc3 Be7 18. g5 Ne8 19. Bxh7+ Kf8 20. Qh5 g6 21. Bxg6 Bf6
22. gxf6 Ndxf6 23. Qh8+ Ke7 24. Bxf7 Bc6 25. Bxe8 Rxe8 26. Qg7+ Kd6 27. Ndxc4+
dxc4 28. Nxc4+  1-0